[Event "Katowice rapid op"]
[Site "Katowice"]
[Date "2025.05.31"]
[Round "8"]
[White "Wagiel, Mikolaj"]
[Black "Wegrzyn, Kacper"]
[Result "0-1"]
[WhiteElo "1623"]
[BlackElo "1523"]
[PlyCount "148"]
[EventDate "2025.05.31"]
[EventType "swiss"]
[EventRounds "11"]
[EventCountry "POL"]
[SourceTitle "CB24_2025"]
[SourceDate "2025.06.11"]
[SourceVersion "1"]
[SourceVersionDate "2025.06.11"]
[SourceQuality "1"]

1. d4 d5 2. c4 e6 3. Nc3 Nf6 4. Bg5 Nbd7 5. e3 Be7 6. Nf3 0-0 7. Bd3 h6 8. Bh4 b6 9. cxd5 Nxd5 10. Bxe7 Qxe7 11. Nxd5 exd5 12. 0-0 Bb7 13. Rc1 Rac8 14. Re1 c5 15. Qe2 Nf6 16. h3 Rfe8 17. b3 Ne4 18. Nd2 Ng5 19. Nf3 Nxf3+ 20. Qxf3 cxd4 21. exd4 Qxe1+ 22. Rxe1 Rxe1+ 23. Kh2 Re6 24. Bf5 Rf6 25. Qd3 Re8 26. Qc2 Ba6 27. Bg4 g6 28. Bf3 Kg7 29. a4 Rf5 30. b4 Rc8 31. Qb3 Bc4 32. Qe3 a6 33. g4 Rf6 34. h4 Re6 35. Qd2 Rce8 36. Kg3 Rf6 37. g5 Rfe6 38. gxh6+ Kh7 39. a5 b5 40. Qc1 Re1 41. Qd2 R1e6 42. Qg5 R6e7 43. h5 Re6 44. hxg6+ Rxg6 45. Kg4 Rxg5+ 46. Kxg5 Bd3 47. Bxd5 Rg8+ 48. Kf4 Kxh6 49. Bb7 Rd8 50. Ke5 f6+ 51. Kxf6 Rxd4 52. Ke6 Rxb4 53. Bxa6 Ra4 54. f4 Rxa5 55. Bb7 Ra7 56. Bd5 Bc4 57. f5 Bxd5+ 58. Kxd5 Rf7 59. Kc5 Rxf5+ 60. Kb4 Kg5 61. Kc3 Kf4 62. Kd4 Re5 63. Kc3 Re4 64. Kd3 Kf3 65. Kc3 Ke3 66. Kb2 Rc4 67. Kb3 Kd3 68. Ka3 Kc3 69. Ka2 b4 70. Ka1 Rc8 71. Ka2 b3+ 72. Kb1 b2 73. Ka2 Ra8+ 74. Kb1 Ra1# 0-1

[Event "Katowice rapid op"]
[Site "Katowice"]
[Date "2025.05.31"]
[Round "11"]
[White "Wegrzyn, Kacper"]
[Black "Dubiel, Antoni"]
[Result "1/2-1/2"]
[WhiteElo "1523"]
[BlackElo "1410"]
[PlyCount "140"]
[EventDate "2025.05.31"]
[EventType "swiss"]
[EventRounds "11"]
[EventCountry "POL"]
[SourceTitle "CB24_2025"]
[SourceDate "2025.06.11"]
[SourceVersion "1"]
[SourceVersionDate "2025.06.11"]
[SourceQuality "1"]

1. d4 d5 2. c4 e6 3. Nf3 Nf6 4. g3 Nbd7 5. Bg2 c5 6. 0-0 Be7 7. b3 0-0 8. Bb2 b6 9. Qc2 Bb7 10. dxc5 Nxc5 11. Ng5 g6 12. h4 h6 13. b4 Ncd7 14. Nxe6 fxe6 15. Qxg6+ Kh8 16. Qxh6+ Kg8 17. Qg6+ Kh8 18. cxd5 Bxd5 19. Bxd5 exd5 20. Rd1 Qe8 21. Qxe8 Raxe8 22. Rxd5 Rd8 23. Na3 Kh7 24. Rd3 Bxb4 25. Rad1 Be7 26. Nb5 Nc5 27. Rxd8 Rxd8 28. Rxd8 Bxd8 29. Nxa7 Nfe4 30. f3 Nxg3 31. Kf2 Bxh4 32. Ke3 Bg5+ 33. Kf2 Nf5 34. Kg2 Ne3+ 35. Kg3 Nc4 36. Bd4 Be7 37. Nc6 Bd6+ 38. Kg4 Ne6 39. Kf5 Nxd4+ 40. Nxd4 Bc5 41. Ke4 Kg6 42. f4 Kf6 43. Nb5 Nd6+ 44. Nxd6 Bxd6 45. e3 Bc5 46. Kd3 Kf5 47. a4 Ke6 48. Ke4 Bb4 49. Kd4 Bc5+ 50. Ke4 Kd6 51. f5 Ke7 52. Kf4 Kf6 53. e4 Bd6+ 54. Kg4 Ke5 55. Kf3 Be7 56. Ke3 Bg5+ 57. Kf3 Bh6 58. Kg4 Kxe4 59. Kh5 Kxf5 60. Kxh6 Ke4 61. Kg5 Kd4 62. Kf4 Kc4 63. Ke4 Kb4 64. Kd3 Kxa4 65. Kc2 Kb4 66. Kb2 b5 67. Kb1 Kb3 68. Ka1 Kc2 69. Ka2 b4 70. Ka1 b3 1/2-1/2